000
00308nam a2200133Ia 4500
008
100328s9999 xx 000 0 und d
082
_b
71975
100
_a
Sharma Robin.
245
_a
Leadership Wisdom
260
_b
Jaico.
630
_a
Leadership Wisdom
730
_a
Leadership Wisdom
942
_c
BOOK
999
_c
557698
_d
557695